Statistics for Family Guy Episodes

Click here to take the quiz!

General Stats

  • This quiz has been taken 7 times
  • The average score is 36 of 432

Answer Stats

SeasonEpisode no.Answer% Correct
91And Then There Were Fewer - Part 1
57%
92And Then There Were Fewer - Part 2
57%
23Da Boom
57%
213Road to Rhode Island
57%
61Blue Harvest - Part 1
43%
62Blue Harvest - Part 2
43%
13Chitty Chitty Death Bang
43%
11Death Has a Shadow
43%
26Death Is a Bitch
43%
12I Never Met the Dead Man
43%
66Lois Kills Stewie (Part 2)
43%
14Mind Over Murder
43%
59Road to Rupert
43%
98Road to the North Pole - Part 1
43%
99Road to the North Pole - Part 2
43%
820Something, Something, Something Dark Side - Part 1
43%
821Something, Something, Something Dark Side - Part 2
43%
65Stewie Kills Lois (Part 1)
43%
114Yug Ylimaf
43%
15A Hero Sits Next Door
29%
512Airport '07
29%
105Back to the Pilot
29%
513Bill and Peter's Bogus Journey
29%
515Boys Do Cry
29%
49Breaking Out Is Hard to Do
29%
24Brian in Love
29%
17Brian: Portrait of a Dog
29%
419Brian Sings and Swings
29%
78Family Gay
29%
221Fore Father
29%
710Fox-Y Lady
29%
318From Method to Madness
29%
913German Guy
29%
53Hell Comes to Quahog
29%
22Holy Crap!
29%
28I Am Peter, Hear Me Roar
29%
72I Dream of Jesus
29%
29If I'm Dyin', I'm Lyin'
29%
920It's a Trap! - Part 1
29%
921It's a Trap! - Part 2
29%
37Lethal Weapons
29%
126Life of Brian
29%
25Love Thy Trophy
29%
69McStroke
29%
518Meet the Quagmire's
29%
516No Chris Left Behind
29%
514No Meals On Wheels
29%
34One if By Clam, Two if By Sea
29%
420Patriot Games
29%
46Petarded
29%
426Petergeist
29%
21Peter Peter Caviar Eater
29%
414PTV
29%
320Road to Europe
29%
73Road to Germany
29%
81Road to the Multi-Verse
29%
210Running Mates
29%
102Seahorse Seashell Party
29%
51Stewie Loves Lois
29%
45The Cleveland-Loretta Quagmire
29%
417The Fat Guy Strangler
29%
27"The King" Is Dead
29%
16The Son Also Draws
29%
31The Thin White Line
29%
715Three Kings
29%
312To Love and Die in Dixie
29%
322When You Wish Upon a Weinstein
29%
488 Simple Rules for Buying My Teenage Daughter
14%
310A Fish Out of Water
14%
35And the Weiner Is...
14%
223A Stache From the Past
14%
316A Very Special Family Guy Freakin' Christmas
14%
610Back to the Woods
14%
228Baking Sad
14%
429Bango Was His Name Oh!
14%
58Barely Legal
14%
1014Be Careful What You Fish For
14%
64Believe It or Not Joe's Walking On Air
14%
43Blind Ambition
14%
226Boston Stewie
14%
817Brian and Stewie
14%
32Brian Does Hollywood
14%
415Brian Goes Back to College
14%
47Brian the Bachelor
14%
317Brian Wallows and Peter's Swallows
14%
1015Burning Down the Bayit
14%
2210Cabin Pressure
14%
57Chick Cancer
14%
128Christmas Guy
14%
1817Coma Guy
14%
215Dammit, Janet!
14%
36Death Lives
14%
423Deep Throats
14%
88Dog Gone
14%
44Don't Make Me Over
14%
311Emission Impossible
14%
218E Peterbus Unum
14%
2215Faith No More
14%
82Family Goy
14%
1022Family Guy Viewer Mail #2
14%
321Family Guy, Viewer Mail I
14%
2214Fat Actor
14%
212Fifteen Minutes of Shame
14%
164Follow the Money
14%
613Former Life of Brian
14%
912Friends of Peter G.
14%
85Hannah Banana
14%
2014HBO-No
14%
217He's Too Sexy for His Fat
14%
111Into Fat Air
14%
421I Take Thee, Quagmire
14%
517It Takes a Village Idiot (and I Married One)
14%
1315#jolo
14%
413Jungle Love
14%
1016Killer Queen
14%
201Lasik Instinct
14%
214Let's Go to the Hop
14%
2213Lifeguard Meg
14%
614Long John Peter
14%
1219Meg Stinks!
14%
410Model Misbehavior
14%
52Mother Tucker
14%
63Movin' Out (Brian's Song)
14%
39Mr. Saturday Knight
14%
41North By North Quahog
14%
711Not All Dogs Go to Heaven
14%
67Padre De Familia
14%
314Peter Griffin: Husband, Father...Brother?
14%
1913PeTerminator
14%
424Peterotica
14%
68Peter's Daughter
14%
411Peter's Got Woods
14%
716Peter's Progress
14%
510Peter's Two Dads
14%
611Play It Again Brian
14%
56Prick Up Your Ears
14%
818Quagmire's Dad
14%
315Ready, Willing and Disabled
14%
1122Roads to Vegas
14%
1420Road to India
14%
54Saving Private Brian
14%
103Screams of Silence: The Story of Brenda Q
14%
313Screwed the Pooch
14%
422Sibling Rivalry
14%
428Stewie B. Goode
14%
713Stew-Roids
14%
319Stuck Together, Torn Apart
14%
222Supermarket Pete
14%
2212Take This Job and Love It
14%
76Tales of a Third Grade Nothing
14%
2211Teacher's Heavy Pet
14%
416The Courtship of Stewie's Father
14%
418The Father, the Son and the Holy Fonz
14%
79The Juice Is Loose!
14%
75The Man with Two Brians
14%
412The Perfect Castaway
14%
216There's Something About Paulie
14%
229The Return of the King (of Queens)
14%
511The Tan Aquatic with Steve Zissou
14%
220Wasted Talent
14%
55Whistle While Your Wife Works
14%
425You May Now Kiss The... Uh... Guy Who Receives
14%
612100th Episode Special
0%
111712 and a Half Angry Men
0%
115200 Episodes Later
0%
12133 Acts of God
0%
20480's Guy
0%
2117A Bottle Episode
0%
183Absolutely Babulous
0%
1720Adam West High
0%
2115Adoptation
0%
2120Adult Education
0%
124A Fistful of Meg
0%
1520A House Full of Peters
0%
2017All About Alana
0%
1415A Lot Going On Upstairs
0%
153American Gigg-Olo
0%
107Amish Guy
0%
1413An App a Day
0%
911And I'm Joyce Kinney
0%
1912And Then There's Fraud
0%
211A Picture Is Worth a Thousand Bucks
0%
816April in Quahog
0%
1620Are You There God? It's Me, Peter
0%
149A Shot in the Dark
0%
213A Wife-Changing Experience
0%
1218Baby Got Black
0%
225Baby, It's Cold Inside
0%
74Baby Not On Board
0%
1815Baby Stewie
0%
96Baby, You Knock Me Out
0%
134Baking Bad
0%
212Bend or Blockbuster
0%
1818Better Off Meg
0%
1118Bigfat
0%
810Big Man on Hippocampus
0%
174Big Trouble in Little Quahog
0%
152Bookie of the Year
0%
133Book of Joe
0%
125Boopa-Dee Bappa-Dee
0%
1610Boy (Dog) Meets Girl (Dog)
0%
193Boys & Squirrels
0%
1911Boy's Best Friend
0%
815Brian Griffin's House of Payne
0%
1211Brian's a Bad Father
0%
84Brian's Got a Brand New Bag
0%
1111Brian's Play
0%
135Brian the Closer
0%
97Brian Writes a Bestseller
0%
182Bri-Da
0%
205Brief Encounter
0%
1712Bri, Robot
0%
148Brokeback Swanson
0%
917Brothers & Sisters
0%
89Business Guy
0%
1115Call Girl
0%
1410Candy Quahog Marshmallow!
0%
219Carny Knowledge
0%
158Carter and Tricia
0%
185Cat Fight
0%
1221Chap Stewie
0%
1114Chris Cross
0%
155Chris Has Got a Date, Date, Date, Date, Date
0%
2010Christmas Crime
0%
189Christmas Is Coming
0%
178Con Heiress
0%
1810Connie's Celica
0%
108Cool Hand Peter
0%
206Cootie & The Blowhard
0%
1515Cop and a Half-Wit
0%
168Crimes and Meg's Demeanor
0%
1915Customer of the Week
0%
194Cutawayland
0%
172Dead Dog Walking
0%
1519Dearly Deported
0%
811Dial Meg for Murder
0%
184Disney's the Reboot
0%
1611Dog Bites Bear
0%
169Don't Be a Dickens at Christmas
0%
1314Dr. C & the Women
0%
161Emmy-Winning Episode
0%
1312Encyclopedia Griffin
0%
712Episode 420
0%
93Excellence in Broadcasting
0%
812Extra Large Medium
0%
1919Family Cat
0%
1714Family Guy Lite
0%
1616'Family Guy' Through The Years
0%
1121Farmer Guy
0%
42Fast Times at Buddy Cianci Jr. High
0%
1910Fecal Matters
0%
221Fertilized Megg
0%
1318Fighting Irish
0%
121Finders Keepers
0%
2019First Blood
0%
919Foreign Affairs
0%
1017Forget-Me-Not
0%
162Foxx in the Men House
0%
1214Fresh Heir
0%
118Friends Without Benefits
0%
2119From Russia With Love
0%
218Get Stewie
0%
2018Girlfriend, Eh?
0%
1719Girl, Internetted
0%
813Go, Stewie, Go
0%
1210Grimm Job
0%
1511Gronkowsbees
0%
109Grumpy Old Man
0%
143Guy, Robot
0%
95Halloween On Spooner Street
0%
216Happy Holo-Ween
0%
2015Hard Boiled Meg
0%
187Heart Burn
0%
1710Hefty Shades of Gray
0%
1216Herpe the Love Sore
0%
1220He's Bla-ack!
0%
157High School English
0%
1819Holly Bibble
0%
147Hot Pocket-Dial
0%
156Hot Shots
0%
159How the Griffin Stole Christmas
0%
1618HTTPete
0%
127In Harmony's Way
0%
154Inside Family Guy
0%
1023Internal Affairs
0%
1717Island Adventure
0%
87Jerome Is the New Black
0%
119Jesus, Mary and Joseph!
0%
116Joe's Revenge
0%
38Kiss Seen 'round the World
0%
195La Famiglia Guy
0%
2013Lawyer Guy
0%
1020Leggo My Meg-O
0%
1012Livin On a Prayer
0%
117Lois Comes Out of Her Shell
0%
101Lottery Fever
0%
71Love Blactually
0%
2111Love Story Guy
0%
171Married with Cancer
0%
1918Meg Goes To College
0%
196Meg's Wedding
0%
2011Mister Act
0%
1212Mom's the Word
0%
1820Movin' In (Principal Shepherd's Song)
0%
1019Mr. And Mrs. Stewie
0%
33Mr. Griffin Goes to Washington
0%
203Must Love Dogs
0%
163Nanny Goats
0%
910New Kidney in Town
0%
1123No Country Club for Old Men
0%
1715No Giggity, No Doubt
0%
77Ocean's 3 1/2
0%
2112Old West
0%
224Old World Harm
0%
1316Once Bitten
0%
211Oscars Guy
0%
139Our Idiot Brian
0%
173Pal Stewie
0%
142Papa Has a Rollin' Son
0%
822*Partial Terms of Endearment
0%
1510Passenger Fatty-Seven
0%
198Pawtucket Pat
0%
179Pawtucket Pete
0%
186Peter & Lois' Wedding
0%
814Peter-Assment
0%
145Peter, Chris, & Brian
0%
144Peternormal Activity
0%
129Peter Problems
0%
207Peterschmidt Manor
0%
1512Peter's Def Jam
0%
1517Peter's Lost Youth
0%
146Peter's Sister
0%
167Petey IV
0%
141Pilling Them Softly
0%
2016Prescription Heroine
0%
1010Quagmire and Meg
0%
86Quagmire's Baby
0%
1311Quagmire's Mom
0%
123Quagmire's Quagmire
0%
112Ratings Guy
0%
175Regarding Carter
0%
1813Rich Old Stewie
0%
1317Roasted Guy
0%
202Rock Hard
0%
1419Run, Chris, Run
0%
1516Saturated Fat Guy
0%
1120Save the Clam
0%
1412Scammed Yankees
0%
1215Secondhand Spoke
0%
1612Send in Stewie, Please
0%
188Shanksgiving
0%
1811Short Cuts
0%
2113Single White Dad
0%
227Snap(ple) Decision
0%
1110Space Cadet
0%
83Spies Reminiscent of Us
0%
176Stand By Meg
0%
1816Start Me Up
0%
138Stewie, Chris, & Brian's Excellent Adventure
0%
104Stewie Goes for a Drive
0%
1313Stewie Is Enceinte
0%
191Stewie's First Word
0%
430Stu & Stewie's Excellent Adventure
0%
1617Switch the Flip
0%
1417Take a Letter
0%
1319Take My Wife
0%
1920Tales of Former Sports Glory
0%
1021Tea Peter
0%
106Thanksgiving
0%
137The 2000-Year-Old Virgin
0%
918The Big Bang Theory
0%
2116The Bird Reich
0%
208The Birthday Bootlegger
0%
1011The Blind Side
0%
151The Boys in the Band
0%
2110The Candidate
0%
1514The Dating Game
0%
166The D in Apartment 23
0%
209The Fatman Always Rings Twice
0%
1513The Finer Strings
0%
199The First No L
0%
1112The Giggity Wife
0%
427The Griffin Family History
0%
177The Griffin Winter Games
0%
914The Hand That Rocks the Wheelchair
0%
1416The Heartbreak Dog
0%
2020The Jersey Bore
0%
2012The Lois Quagmire
0%
1914The Marrying Kind
0%
1217The Most Interesting Man in the World
0%
1814The Movement
0%
214The Munchurian Candidate
0%
1418The New Adventures of Old Tom
0%
113The Old Man and the Big C
0%
1411The Peanut Butter Kid
0%
1518The Peter Principal
0%
131The Simpsons Guy - Part 1
0%
132The Simpsons Guy - Part 2
0%
819The Splendid Source
0%
217The Stewaway
0%
219The Story On Page One
0%
192The Talented Mr. Stewie
0%
1619The Unkindest Cut
0%
1615The Woof of Wall Street
0%
1917The Young Parent Trap
0%
1310This Little Piggy
0%
165Three Directors
0%
1718Throw It Away
0%
916Tiegs for Two
0%
1013Tom Tucker: The Man and His Dream
0%
1119Total Recall
0%
915Trading Places
0%
1713Trans-Fat
0%
1711Trump Guy
0%
1116Turban Cowboy
0%
136Turkey Guys
0%
1414Underage Peter
0%
1812Undergrounded
0%
215Unzipped Code
0%
1113Valentine's Day in Quahog
0%
2118Vat Man & Rob 'Em
0%
122Vestigial Peter
0%
1614Veteran Guy
0%
1613V Is for Mystery
0%
94Welcome Back, Carter
0%
714We Love You Conrad
0%
2114White Meg Can't Jump
0%
1916Who's Brian Now?
0%
197Wild Wild West
0%
181Yacht Rocky
0%
1018You Can't Do That On Television, Peter
0%
1716You Can't Handle the Booth!
0%

Score Distribution

Percentile by Number Answered

Percent of People with Each Score

Your Score History

You have not taken this quiz